[Event "HUN-chT2 Charousek 1819"]
[Site "Hungary"]
[Date "2019.04.28"]
[Round "11.6"]
[White "Egresi, Mate"]
[Black "Csuta, Akos Koppany"]
[Result "1-0"]
[WhiteElo "2312"]
[BlackElo "2186"]
[PlyCount "97"]
[EventDate "2018.09.23"]
[EventType "team-tourn"]
[EventRounds "11"]
[EventCountry "HUN"]
[SourceTitle "EXT 2021"]
[Source "ChessBase"]
[SourceDate "2020.10.23"]
[SourceVersion "1"]
[SourceVersionDate "2020.10.23"]
[SourceQuality "1"]
[WhiteTeam "Ajka Banyasz"]
[BlackTeam "Gyor Szechenyi"]
[WhiteTeamCountry "HUN"]
[BlackTeamCountry "HUN"]

1. d4 Nf6 2. c4 g6 3. Nc3 d5 4. Nf3 Bg7 5. h4 c5 6. dxc5 Qa5 7. cxd5 Nxd5 8. Qxd5 Bxc3+ 9. Bd2 Bxd2+ 10. Qxd2 Qxd2+ 11. Nxd2 Na6 12. Rc1 Bd7 13. e3 Nc7 14. Be2 Ne6 15. Bf3 Rc8 16. b4 Rc7 17. 0-0 0-0 18. Rc3 a5 19. a3 axb4 20. axb4 Ra8 21. Nc4 Bb5 22. Rd1 Bxc4 23. Rxc4 Ra4 24. Rdc1 Ra2 25. Bd5 Nd8 26. R4c2 Ra4 27. Rb1 e6 28. Bf3 Nc6 29. Bxc6 bxc6 30. b5 cxb5 31. Rxb5 Kf8 32. g3 h5 33. Kg2 Ke7 34. Kf3 Kd7 35. e4 Ra6 36. Kf4 Kc6 37. Rb6+ Rxb6 38. cxb6+ Kxb6 39. Rxc7 Kxc7 40. Ke5 Kd7 41. Kf6 Ke8 42. Kg7 Ke7 43. e5 Ke8 44. f3 Ke7 45. g4 Ke8 46. gxh5 gxh5 47. Kh6 f6 48. exf6 Kf7 49. Kg5 1-0

[Event "Gyor op-A 7th"]
[Site "Gyor"]
[Date "2016.07.09"]
[Round "6"]
[White "Csuta, Akos Koppany"]
[Black "Margl, Roland"]
[Result "1/2-1/2"]
[WhiteElo "2068"]
[BlackElo "2096"]
[PlyCount "55"]
[EventDate "2016.07.06"]
[EventType "swiss"]
[EventRounds "9"]
[EventCountry "HUN"]
[SourceTitle "EXT 2017"]
[Source "ChessBase"]
[SourceDate "2016.10.25"]
[SourceVersion "1"]
[SourceVersionDate "2016.10.25"]
[SourceQuality "1"]

1. e4 e6 2. d4 d5 3. Nd2 Nf6 4. e5 Nfd7 5. Bd3 c5 6. c3 Nc6 7. Ne2 Rb8 8. 0-0 b5 9. a3 Qb6 10. Nf3 cxd4 11. Nexd4 Ncxe5 12. Nxe5 Nxe5 13. Bxb5+ Bd7 14. Bxd7+ Nxd7 15. Re1 Bc5 16. Qg4 Bxd4 17. cxd4 Rg8 18. Bf4 Nf6 19. Qd1 Rb7 20. Qa4+ Ke7 21. Bd2 Ne4 22. Bb4+ Kf6 23. Rac1 a5 24. Bxa5 Qxb2 25. Rc2 Qb5 26. Qxb5 Rxb5 27. Bb4 Rb6 28. f3 1/2-1/2

[Event "HUN-chT2 Breyer 1516"]
[Site "Hungary"]
[Date "2015.10.04"]
[Round "2.2"]
[White "Goczo, Melinda"]
[Black "Csuta, Akos Koppany"]
[Result "1-0"]
[WhiteElo "2228"]
[BlackElo "2052"]
[PlyCount "57"]
[EventDate "2015.09.13"]
[EventType "team-tourn"]
[EventRounds "11"]
[EventCountry "HUN"]
[SourceTitle "CBM 170 Extra"]
[Source "ChessBase"]
[SourceDate "2016.02.25"]
[SourceVersion "1"]
[SourceVersionDate "2016.02.25"]
[SourceQuality "1"]
[WhiteTeam "Biatorbagy"]
[BlackTeam "Gyor UDSE"]
[WhiteTeamCountry "HUN"]
[BlackTeamCountry "HUN"]

1. d4 Nf6 2. c4 g6 3. Nf3 Bg7 4. g3 d5 5. cxd5 Nxd5 6. Bg2 0-0 7. 0-0 Nc6 8. e4 Nb6 9. d5 Na5 10. Qe1 Nbc4 11. Nc3 c6 12. b4 cxd5 13. exd5 b5 14. Bg5 Nb7 15. Rc1 Qb6 16. Bxe7 Re8 17. d6 Bxc3 18. Qxc3 Nbxd6 19. Bxd6 Nxd6 20. Ne5 Rb8 21. Rfd1 Nf5 22. Bd5 Nh6 23. Re1 Bf5 24. Nc6 Ng4 25. Qb2 Rbc8 26. Ne7+ Rxe7 27. Rxc8+ Bxc8 28. Rxe7 Nf6 29. Rxf7 1-0

[Event "World ol U16"]
[Site "Gyor"]
[Date "2014.12.19"]
[Round "8.1"]
[White "Koo, Inmo"]
[Black "Csuta, Akos Koppany"]
[Result "0-1"]
[WhiteElo "1846"]
[BlackElo "2027"]
[PlyCount "78"]
[EventDate "2014.12.13"]
[EventType "team-swiss"]
[EventRounds "10"]
[EventCountry "HUN"]
[SourceTitle "EXT 2016"]
[Source "ChessBase"]
[SourceDate "2015.10.08"]
[SourceVersion "1"]
[SourceVersionDate "2015.10.08"]
[SourceQuality "1"]
[WhiteTeam "South Korea II"]
[BlackTeam "Gyor"]
[WhiteTeamCountry "KOR"]
[BlackTeamCountry "HUN"]

1. e4 c5 2. Nf3 g6 3. d4 cxd4 4. Nxd4 Nc6 5. Nxc6 dxc6 6. Qxd8+ Kxd8 7. Nc3 e5 8. Bd2 Be6 9. 0-0-0 Kc7 10. Bg5 h5 11. Be2 Bc5 12. f3 f6 13. Bd2 Rh7 14. f4 Bd4 15. fxe5 Bxe5 16. a3 Nh6 17. h3 Nf7 18. Rhf1 g5 19. Na4 Nd6 20. Bd3 Nc4 21. Bc3 Bf4+ 22. Kb1 Ne3 23. Nc5 Re8 24. e5 f5 25. Nxe6+ Rxe6 26. Rde1 Rhe7 27. Rg1 Nd5 28. Bxf5 Nxc3+ 29. bxc3 Rxe5 30. Rxe5 Rxe5 31. Bd3 Ra5 32. g3 Be5 33. Kb2 Rc5 34. Kb3 Rxc3+ 35. Kb4 c5+ 36. Ka4 a6 37. Rb1 b5+ 38. Bxb5 axb5+ 39. Rxb5 Kc6 0-1

[Event "World ol U16"]
[Site "Gyor"]
[Date "2014.12.13"]
[Round "1.1"]
[White "Csuta, Akos Koppany"]
[Black "Repka, Christopher"]
[Result "0-1"]
[WhiteElo "2027"]
[BlackElo "2407"]
[PlyCount "62"]
[EventDate "2014.12.13"]
[EventType "team-swiss"]
[EventRounds "10"]
[EventCountry "HUN"]
[SourceTitle "EXT 2016"]
[Source "ChessBase"]
[SourceDate "2015.10.08"]
[SourceVersion "1"]
[SourceVersionDate "2015.10.08"]
[SourceQuality "1"]
[WhiteTeam "Gyor"]
[BlackTeam "Slovakia"]
[WhiteTeamCountry "HUN"]
[BlackTeamCountry "SVK"]

1. e4 e6 2. d4 d5 3. Nd2 Nf6 4. e5 Nfd7 5. Bd3 c5 6. c3 Nc6 7. Ne2 cxd4 8. cxd4 f6 9. exf6 Qxf6 10. Nf3 Bd6 11. 0-0 0-0 12. Bg5 Qf7 13. Bh4 e5 14. Ng5 Qf6 15. Bxh7+ Kh8 16. dxe5 Ndxe5 17. Qxd5 Qh6 18. Qe4 Bg4 19. Bg3 Qxg5 20. f4 Bc5+ 21. Kh1 Qh5 22. fxe5 Bxe2 23. Rf4 Rxf4 24. Bxf4 Rf8 25. Bg3 Bd1 26. Qe1 Be2 27. Bg6 Qg4 28. Qd2 Bf2 29. Bxf2 Rxf2 30. Rg1 Qxg6 31. Qe3 Qf5 0-1